000 00378nam a2200157Ia 4500
008 230711s9999||||xx |||||||||||||| ||und||
041 _aENG
082 _a602.4
_bLA-E
100 _aLayell,JS
245 0 _aEngineering drawing I
250 _a10th Ed.
260 _c2012
_aJalandhar
_bEagles Prakashan Regd
300 _a387p.
650 _aMechanical Engineering
942 _cBK
999 _c7666
_d7666